000 00571nai a2200181Ia 4500
003 IN-BaIIA
008 211028c9999 xx s 000 0 eng d
022 _a0972-8821 (Print)
022 _a0974-6900 (Online)
040 _cIIA Library
245 0 _aJournal of Optics
_h[eJournal]
260 _aNew Delhi, India
_bSpringer India
310 _aQuarterly
362 _a29(1); 2000 - Present
521 _bSubscribed through National Knowledge Resource Consortium (NKRC)
856 _uhttps://www.springer.com/journal/12596
_yClick Here to Access eJournal
942 _cEJ
999 _c35166
_d35166